Other Septembers, many Americas : selected provocations, 1980-2004

Αποθηκεύτηκε σε:
Λεπτομέρειες βιβλιογραφικής εγγραφής
Κύριος συγγραφέας: Dorfman, Ariel
Μορφή: Βιβλίο
Γλώσσα:English
Δημοσίευση: London : Pluto Press, 2004
Θέματα:
Ετικέτες: Προσθήκη ετικέτας
Δεν υπάρχουν, Καταχωρήστε ετικέτα πρώτοι!

MARC

LEADER 00000nam a2200000 i 4500
001 1/68769
008 041210s2004 eng d
020 |a 0-7453-2173-9 
035 |l 10075839 
040 |a GR-MY-UA  |b gre  |e aacr 
041 0 |a eng 
082 0 |a 864.64  |2 (21) 
100 1 |a Dorfman, Ariel. 
245 1 0 |a Other Septembers, many Americas :  |b selected provocations, 1980-2004 /  |c Ariel Dorfman 
260 |a London :   |b Pluto Press,   |c 2004 
300 |a 256 cm;  |b ill.;  |c 21 cm 
504 |a Includes bibliographical references and index 
650 0 0 |a Chilean essays  |y 20th century. 
650 0 0 |a Authors, Chilean  |y 20th century. 
852 |a INST  |b RHODES  |e 20041210  |h 864.64 DOR  |p 005400018207  |q 005400018207  |t BK  |y 0 
901 |a BIBL4-2004-3 
909 |a Ρ  |b 110174 
920 |a ΕΡΓΑΣΤΗΡΙΟ ΜΕΣΟΓΕΙΑΚΗΣ ΠΟΛΙΤΙΚΗΣ  |b ΕΠΕΑΕΚ-ΤΜΣ  |y ΡΟΔΟΣ  |z 2004-11 
922 |a 4ΕΛΗ 
970 |a ΧΟΡΟΖΙΔΟΥ  |b ΤΖΕΝΗ  |z 2004/12/10